Tous les cantons des Alpes Maritimes sur une carte - Statistiques

Statistiques générales
  • Ce quiz a été pris 179 fois
  • Le résultat moyen est 21 sur 27
Réponses sur la Carte
Les réponses sont colorées sur une échelle allant du rouge au vert en fonction du pourcentage des utilisateurs qui les ont devinées à leur premier essai. Vous pouvez retrouver ces pourcentages ci-dessous.
 
Statistiques - réponses
Canton % Correct
Nice-1
99%
Nice-2
99%
Nice-3
99%
Nice-4
99%
Nice-5
99%
Nice-6
99%
Nice-7
99%
Nice-8
99%
Nice-9
99%
Antibes-1
96%
Antibes-2
96%
Antibes-3
96%
Cannes-1
95%
Cannes-2
95%
Menton
91%
Grasse-1
85%
Grasse-2
85%
Cagnes-sur-Mer-1
70%
Cagnes-sur-Mer-2
70%
Le Cannet
59%
Mandelieu-la-Napoule
54%
Vence
53%
Valbonne
35%
Beausoleil
34%
Villeneuve-Loubet
32%
Contes
24%
Tourrette-Levans
5%
Aucun quiz correspondant
Distribution des résultats
% des personnes avec chaque résultat
Percentile par nombre de réponses
Votre historique - résultats
Vous n’avez pas pris ce quiz